000 00643cab a2200241 4500
001 X1532
008 090401t1994 xxu||||| |||| 00| 0 eng d
035 _a(Sirsi) u17577
041 _aeng
100 _aEdge, J
245 _aTax relief for training
260 _c1994
350 _a0
490 _aCSM (Chartered Surveyor Monthly)
_v3(8) May 1994, 31(1)
650 _aINCOME TAX
650 _aNATIONAL VOCATIONAL QUALIFICATIONS
650 _aTAX RELIEF
650 _aCAREERS, EDUCATION AND TRAINING
690 _aMANAGEMENT-BUSINESS MANAGEMENT-PROFESSIONAL PRACTICE
690 _aTAXATION
942 _n0
948 _c04/03/1997
999 _c11654
_d11654